书目信息 |
| 题名: |
赵子曰
|
|
| 作者: | 老舍, 著 | |
| 分册: | ||
| 出版信息: | 上海 文汇出版社 2008.11 |
|
| 页数: | 211页 | |
| 开本: | 22cm | |
| 丛书名: | 老舍小说精汇 | |
| 单 册: | ||
| 中图分类: | I246.5 | |
| 科图分类: | ||
| 主题词: | 长篇小说--中国--现代 | |
| 电子资源: | ||
| ISBN: | 978-7-80741-443-8 | |
| 000 | 01012nam 2200253 450 | |
| 001 | 0011131399 | |
| 005 | 20100617165455.95 | |
| 010 | @a978-7-80741-443-8@b精装@dCNY22.00 | |
| 100 | @a20100515d2008 em y0chiy0110 ea | |
| 101 | 0 | @achi |
| 102 | @aCN@b310000 | |
| 105 | @aa z 000ay | |
| 200 | 1 | @a赵子曰@Azhao zi yue@f老舍著@Flao she zhu |
| 210 | @a上海@c文汇出版社@d2008.11 | |
| 215 | @a211页@c图@d22cm | |
| 225 | 2 | @a老舍小说精汇 |
| 304 | @a版权页著者:老舍 | |
| 330 | @a《赵子曰》描绘二十年代北京鼓楼天台公寓一群大学生浑噩混沌、委靡卑俗的人生图景。主人公赵子曰不好好念书,却四处捣乱闹事,捆绑殴打校长,被大学开除。他整日在戏院里当票友,捧伶角,通宵达旦地搓麻将,流水般的赌博输钱;成天消磨于筵席之上,划拳酗酒,醉生梦死。在生死攸关之际,幸得正派有为挚友李景纯的劝说诱导,方始醒悟,愿意改弦更张,重新生活。 | |
| 410 | 0 | @12001 @a老舍小说精汇 |
| 606 | 0 | @a长篇小说@y中国@z现代 |
| 690 | @aI246.5@v4 | |
| 701 | 0 | @a老舍,@Alao she,@f1899-1966@4著 |
| 801 | 0 | @aCN@c20100515 |
| 905 | @dI246.5@eL072-4@f3 | |
| 赵子曰/老舍著.-上海:文汇出版社,2008.11 |
| 211页:图;22cm.-(老舍小说精汇) |
| ISBN 978-7-80741-443-8(精装):CNY22.00 |
| 《赵子曰》描绘二十年代北京鼓楼天台公寓一群大学生浑噩混沌、委靡卑俗的人生图景。主人公赵子曰不好好念书,却四处捣乱闹事,捆绑殴打校长,被大学开除。他整日在戏院里当票友,捧伶角,通宵达旦地搓麻将,流水般的赌博输钱;成天消磨于筵席之上,划拳酗酒,醉生梦死。在生死攸关之际,幸得正派有为挚友李景纯的劝说诱导,方始醒悟,愿意改弦更张,重新生活。 |
| ● |
| 相关链接 |
|
|
|
正题名:赵子曰
索取号:I246.5/L072-4
 
预约/预借
| 序号 | 登录号 | 条形码 | 馆藏地/架位号 | 状态 | 备注 |